English Premier League 100 Tore Club - Statistiken

Allgemein
  • Dieses Quiz wurde 393 mal gespielt
  • Das Durchschnittsergebnis liegt bei 14 aus 33
Antwortstatistiken
Tore Mannschaft Spieler % Korrekt
203 Tottenham Harry Kane
98%
131 Liverpool Mohamed Salah
90%
208 Manchester United Wayne Rooney
87%
134 Leicester City Jamie Vardy
86%
103 Manchester United Cristiano Ronaldo
83%
184 Manchester City Sergio Agüero
81%
260 Newcastle Alan Shearer
79%
175 Arsenal Thierry Henry
78%
111 Liverpool Sadio Mané
77%
104 Chelsea Didier Drogba
72%
177 Chelsea Frank Lampard
60%
113 Manchester City Raheem Sterling
51%
121 Liverpool Steven Gerrard
50%
150 Liverpool Michael Owen
47%
108 Manchester United Ryan Giggs
41%
106 Stoke City Peter Crouch
38%
121 Everton Romelu Lukaku
38%
107 Manchester United Paul Scholes
30%
187 Manchester United Andy Cole
28%
163 Tottenham Jermain Defoe
21%
113 Arsenal Ian Wright
20%
125 Chelsea Nicolas Anelka
20%
125 Tottenham Robbie Keane
18%
146 Tottenham Teddy Sheringham
18%
123 Aston Villa Dwight Yorke
15%
162 Liverpool Robbie Fowler
15%
110 Leicester City Emile Heskey
10%
127 Chelsea Jimmy Floyd Hasselbaink
9%
144 Arsenal Robin van Persie
9%
106 Sunderland Darren Bent
8%
149 Queens Park Rangers Les Ferdinand
6%
101 Southampton Matt Le Tissier
5%
110 Coventry City Dion Dublin
2%
Keine übereinstimmenden Quizze gefunden
Verteilung der Resultate
Anzahl Personen mit jedem Resultat
Perzentil nach korrekt beantworteten Fragen
Ihre Resultats-Entwicklung
Sie haben dieses Quiz noch nicht gespielt